000 01102naa a22003257a 4500
001 BR9400671
003 BR-BrBNA
005 20240918181140.0
007 ta
008 230509b bl.||||| |||| 00| 0 por d
040 _aBR-BrBNA
_bpor
_cBiblioteca Nacional de Agricultura
041 _a(Pt)
072 _aH60
_b1000
_b3876
090 _aH60 BR9400671
100 1 _aFontes, H.R.
100 1 _aSilva, L.M.S. da
100 1 _aVieira, G.
100 1 _aTrindade, J.
111 1 _a5. Congresso Brasileiro de Fruticultura
_cPelotas, RS (Brazil)
_d7-14 Jan 1979
245 1 _aAplicacao de herbicidas em faixas no pomar citrico
260 3 _aPelotas, RS (Brasil):
_c1979.
500 _aAnais do 5. Congresso Brasileiro de Fruticultura, v. 1 Pelotas, RS (Brasil): 1979. p. 232-236 (BR9400671-AM)H60
650 _aFruta Citrica
650 _aHerbicida
650 _aErva Daninha
650 _aSergipe
773 0 _tAnais do 5. Congresso Brasileiro de Fruticultura, v. 1
_wH60 BR9400671
_gPelotas, RS (Brasil), 1979. p. 232-236
909 _a202404
_bLucia
_c55
_dLucia Elande
942 _cAM
_2AGRIS
999 _c323820
_d323820